000 01001nam a2200229Ii 4500
003 JO-AjNU
008 230605s9999||||xx |||||||||||||| ||und||
017 _a1993/990
020 _a9977-05-0155-8
040 _aJO-AjNU
_bara
_erda
_cJO-AjNU
041 _aara
050 1 4 _aK7690.F39 1993
100 3 _aالقرايرى، آمال حمد,
_eauthor
_946387
245 0 0 _aدور قضاء الدولة في تحقيق فاعلية التحكيم : دراسة تأصلية مقارنة بين النظام القضائي المصري - السعودي - الفرنسي - الإيطالي
264 3 1 _aالاسكندرية: منشاة المعارف، 1993
300 _a361ص
_bيشتمل على كشافات
336 _atext
_btxt
_2rdacontent
337 _aunmediated
_bn
_2rdamedia
338 _avolume
_bnc
_2rdacarrier
490 0 _aالكتب القانونية
650 4 _aالتحكيم - (قانون المرافعات - مصر - السعودية - فرنسا - ايطاليا )
_946388
999 _aA20175
_c23743
_d23743